[Event "Match 81__120'/40"]
[Site "Zürich"]
[Date "2025.??.??"]
[Round "23"]
[White "Scorpio 68000 sel. 4"]
[Black "Fidelity Excel Mach III"]
[Result "1/2-1/2"]
[Annotator "Utzinger,K"]
[WhiteElo "2043"]
[BlackElo "2020"]
[PlyCount "92"]
[EventDate "2025.??.??"]

{[%evp 0,92,25,16,58,17,7,-30,-17,-10,24,33,13,5,57,49,39,45,38,27,36,21,45,30,31,10,12,-29,-3,-32,-44,-41,-50,-53,-64,-63,-68,-62,-70,-93,-95,-98,-87,-97,-79,-102,-106,-122,-58,-62,-61,-63,-59,-63,-62,-65,-65,-54,-12,-28,-42,-42,-30,-83,-62,-66,-21,-16,-34,-12,32,31,74,43,43,21,28,41,42,20,15,11,11,10,10,2,10,8,10,0,0,0,0,0,0]} 1. e4 c5 {Match 120'/40 | Bediener: Rolf Bühler | Kommentator: Kurt Utzinger | 23. Partie: Remis | Zwischenstand: 12-11 (52,1%) für Mach III | Stand hypothetisch: 11,5-11,5 (50%) Ausgleich | Eröffnung: Sizilianisch, Alapin Variante 2.c3 d5 | Buchzüge: 10 von Scorpio, 6 von Mach III | Partieverlauf: Eine ruhige Partie, welche nach der freiwilligen Hergabe des weissen Läuferpaars zu exzellenten Gewinnchancen für Schwarze (Mach III) hätte führen können. Und nachdem sich der Scorpio 68000 sel. 4 noch seinen Läufer "einmauern" lässt, war der Kampf längerfristig entschieden. Gemäss dem Spielniveau der beiden Kontrahenten endet der Kampf schliesslich aber nicht ganz unerwartet mit einem friedlich Remis.} 2. c3 d5 3. exd5 Qxd5 4. d4 e6 5. Nf3 Nc6 6. Na3 Qd8 {***ENDE BUCH***} 7. Nc2 cxd4 8. Ncxd4 Nxd4 9. Qxd4 Qxd4 10. Nxd4 {***ENDE BUCH*** Bewertung: = (0.18) (51%) Depth 46/45} a6 {Richtig, denn Sd4-b5 muss verhindert werden. Die Stellung ist ausgeglichen. Aber die beidseitigen Bauernmehrheiten, Weiss am Damenflügel und Schwarz am anderen Flügel, verlangen genaues Spiel und falls nicht, kann das positionelle Gleichgewicht schnell gestört werden.} 11. Bf4 (11. Nb3 {sieht am genauesten aus: ...Lc5 wird verhindert, die Optionen Sa5 und Le3/Lf4 bleiben offen, der Lf1wird über e2 nach f3 geführt mit Druck gegen den schwarzen Damenflügel.}) 11... f6 {Der kleine Nachteil von 11.Lf4 zeigt sich nun wegen der Gabeldrohung e6-e5.} 12. Bg3 {Auch hier verdient 12.Sb3 den Vorzug, um den Läufer nach ...e5 auf e3 zu stellen. Man sieht, dass Weiss durch das vorzeitige Lf4 mindestens ein Tempo verloren hat.} e5 13. Nf3 $2 {Positionell falsch, denn das Ross gehört nach b3.} Be6 $15 {Und schon steht Schwarz eine Spur besser.} 14. Bd3 Ne7 {Auch die sofortige lange Rochade kam in Frage.} (14... O-O-O 15. Bc2 h5 16. Bb3 Bxb3 17. axb3 Bd6 18. h3 Ne7 $15) 15. O-O O-O-O 16. Rfd1 {Etwas genauer war 16.Lc2.} Nf5 {[#]} 17. Bxf5 $2 {[%mdl 32768] Nach dem Studium des Kapitels "Bishop Pair" des grossartigen Buches " Chess Imbalances" von Mauricio Flores Rio muss ich diesen Tausch, der dem Gegner das Läuferpaar einräumt, als schweren positionellen Fehler bezeichnen. In einer praktischen Partie am Brett trägt nämlich die weisse Stellung nun bereits den Keim des Verlusts in sich.} Bxf5 $6 {Ungenau, hätte Schwarz doch den Zwischentausch der Türme einschalten sollen. Nun tauscht Weiss selbst und zwingt den König nach d8, so dass Schwarz für die Aktivierung seines verbleibenden Turms nach d8 unnötig Zeit verlieren muss.} (17... Rxd1+ {-1.16(15%)/52} 18. Rxd1 Bxf5 19. Ne1 h5 20. f3 Be7 21. Kf1 b5 $17 {und Weiss hat ein schweres Leben.}) 18. Rxd8+ Kxd8 19. Kf1 Be7 {ungenau} (19... h5 20. h4 Bd3+ 21. Ke1 Ke8 {und der Erwartungswert für Weiss beträgt nur noch 2%.}) 20. Rd1+ {ungenau, Bewertung: -/+ (-1.12) (17% +0% =35% -65%) Depth: 49/75, was aus weisser Sicht bedeutet: null Gewinnchancen, 35% Remiswahrscheinlichkeit, 65% Verlusterwartung.} (20. Nd2 {-/+ (-0.89) (32% +0% =64% -36%) Depth: 46/82 Ein vielseitiger Zug: Vermeidet die Fesslung Lg4 / erlaubt es, den "eingeschlossenen" Läufer mit f3 nebst Lf2 wieder ins Spiel zu bringen / reagiert rechtzeitig, bevor Schwarz einen Bauernsturm mit g7-g5 und h7-h5 loslässt.}) 20... Kc8 {[#]} 21. Ke2 $2 $19 {[%mdl 32768] Ein positioneller ***VERLUSTZUG***, weil nun der weisse Läufer zu einem Statisten degradiert werden kann. Die Engine sieht 21.Se1 als einzige Verteidigung.} ({PROMENADE-avx2:} 21. Ne1 {-1.24(11%)/51} Rd8 22. Ke2 Rxd1 23. Kxd1 g5 24. f3 Kd7 25. Bf2 e4 26. Ke2 h5 27. b3 Ke6 28. Bb6 Bd6 29. h3 Kf7 30. Kf2 h4 31. fxe4 Bxe4 32. Nf3 Kg6 33. Bd8 Bc5+ 34. Ke2 Ba3 35. Kd2 Bd5 36. Ke2 Bc6 37. Kf2 Bb5 38. Ke1 Bd3 39. Bc7 Bb1 40. Nd2 Bc2 41. Ke2 Be7 42. Nf3 Be4 43. a4 f5 44. Kf1 Bd3+ 45. Kf2 Bc2 46. Nd4 Be4 47. a5 Kf7 48. Be5 g4 {[%eval -124,51] [%wdl 0,219,781]}) 21... b6 {So steht Schwarz nur noch besser. -/+ (-0.75) (40%)/41} (21... Bg4 $1 {droht mit ...e4 Figurengewinn} 22. Kf1 (22. Ke3 $2 Bc5+ 23. Ke4 f5+ 24. Kxe5 Re8+ 25. Kd5 Bxf3+ 26. gxf3 Rd8+ 27. Kxc5 Rxd1 $19) 22... Bxf3 23. gxf3 g5 $19 {und der weisse Läufer ist eingemauert und für lange Zeit, oder gar für ewig, nur ein grosser Bauer. Eine mögliche Fortsetzung sieht wie folgt aus:} 24. h4 h6 25. hxg5 hxg5 26. Ke2 Rd8 27. Re1 {Turmtausch ist hoffnungslos.} Bd6 28. Rh1 Kd7 29. a3 Ke6 30. Rh7 Be7 31. a4 Rd7 32. Rh6 Bf8 33. Rh8 Kf7 34. Rh7+ Bg7 35. Rh1 f5 36. Bh2 f4 37. Re1 {Und jetzt spuckt die Engine zwei langzügige Gewinnvarianten aus:} {PROMENADE-avx2: 1)} Rd5 {-4.16(0%)/73} ({PROMENADE-avx2: 2)} 37... Ke6 {-4.16(0%)/73} 38. Bg1 Rd5 39. Rc1 Bf6 40. Rb1 Be7 41. Bh2 Ra5 42. Ra1 Bd8 43. Rd1 Rd5 44. Rb1 Be7 45. Rh1 Rd8 46. Bg1 Bf6 47. Rh7 Rd7 48. Rh1 Kf7 49. Bh2 Rd6 50. Ra1 Kg6 51. Ke1 Kf5 52. Ke2 Rb6 53. Rb1 Be7 54. Bg1 Ke6 55. Bh2 Ba3 56. b3 Be7 57. Kd3 Rd6+ 58. Ke2 Rd8 59. Bg1 Bf8 60. Rc1 Kf5 61. Rc2 Rc8 62. Rc1 Be7 63. Kd3 Bf6 64. b4 Rd8+ 65. Ke2 Be7 66. Ra1 Rd6 67. Re1 Bf8 68. Rc1 Rc6 69. Kd2 Be7 70. Re1 Rh6 71. Rf1 Rd6+ 72. Kc2 Rd7 73. a5 Rd8 74. Re1 Rh8 75. Rf1 Rh3 76. Rd1 Ke6 77. Rd3 Bd6 78. Kb3 e4 {[%eval -416,73] [%wdl 0,0,1000]}) 38. Bg1 Bf6 39. Ra1 Ke6 40. Bh2 Kd6 41. Rh1 Kc5 42. b3 Rd8 43. Ra1 Kd5 44. Rc1 Ke6 45. Bg1 Be7 46. Re1 Rd7 47. Ra1 Rd5 48. Rc1 Kf5 49. Rc2 Bf6 50. Rb2 Rd7 51. Ra2 Be7 52. Rc2 Rc7 53. Kd3 Bd8 54. Ke2 Bf6 55. Rc1 Rc6 56. Kd3 Rb6 57. Rb1 Rd6+ 58. Ke2 Rc6 59. Rc1 Be7 60. Rc2 Ba3 61. Ra2 Bf8 62. Kd3 Be7 63. Ra1 Rh6 64. Ke2 Rh3 65. Rf1 Bf6 66. b4 Rh7 67. Rb1 Rc7 68. Rb3 Rd7 69. Rb2 Rd6 70. Ra2 Be7 71. Rb2 Ke6 72. Rb1 Rd5 73. a5 Rd6 74. Ra1 Kd7 75. Rc1 Kc6 76. Kf1 Kb5 {[%eval -416,73] [%wdl 0,0,1000]}) 22. b3 $2 $19 {[%mdl 32768] Das erlaubt dem Gegner wieder in ähnlich gelagerte Varianten durch 22...Lg4 einzuleiten.} Kb7 $2 (22... Bg4 $1 $19) 23. c4 $2 {Deutlich besser die Verteidigungszüge 23.Sd2 oder 23.Se1.} Rd8 $2 {Damit verliert Schwarz seinen ganzen Vorteil.} (23... b5 24. cxb5 axb5 25. a4 Ra8 26. axb5 Ra3 27. Ne1 (27. Nd2 $2 Ra2 $19) 27... Rxb3 28. Kf1 Be6 29. f3 Bc4+ 30. Kg1 Bxb5 $19 {mit guten Gewinnchancen für Schwarz.}) 24. Rxd8 Bxd8 25. Nd2 Be7 26. h3 (26. f3 {ist besser}) 26... g5 27. h4 g4 28. h5 Kc7 29. Bh4 Kd7 30. f3 gxf3+ 31. Kxf3 (31. gxf3 {was das Feld e4 unter Kontrolle bringt, ist natürlich genauer.}) 31... Bc2 32. g4 e4+ 33. Ke3 (33. Nxe4 Bxe4+ 34. Kxe4 f5+ 35. Kxf5 Bxh4 36. g5 Ke7 37. g6 hxg6+ 38. Kxg6 Kf8 39. h6 Kg8 40. Kf5 $11) 33... h6 34. b4 Bxb4 35. Bxf6 Bxd2+ 36. Kxd2 Bd3 37. g5 Bxc4 38. gxh6 Bg8 39. Ke3 Ke6 40. Bd4 Kf5 41. Bxb6 Kg5 42. Kxe4 Kxh6 43. a4 Kxh5 44. Kf5 a5 45. Bxa5 Bb3 46. Bd8 Bxa4 {***REMIS ABGEBROCHEN***} 1/2-1/2

[Event "Match 81__120'/40"]
[Site "Zürich"]
[Date "2025.??.??"]
[Round "24"]
[White "Fidelity Excel Mach III"]
[Black "Scorpio 68000 sel. 4"]
[Result "0-1"]
[Annotator "Utzinger,K"]
[WhiteElo "2021"]
[BlackElo "2043"]
[PlyCount "83"]
[EventDate "2025.??.??"]

{[%evp 0,83,25,16,59,70,77,32,90,73,64,86,101,70,82,63,79,79,79,49,39,28,30,11,30,14,19,16,-12,-2,26,25,43,47,37,-41,-37,-11,34,29,50,13,3,17,4,43,1,1,1,-187,-192,-439,-465,-465,-483,-657,-709,-952,-950,-1026,-1123,-1123,-1205,-1320,-1174,-1302,-920,-930,-955,-968,-1002,-1010,-1034,-1038,-1056,-1061,-1061,-1067,-1075,-1086,-1055,-1055,-1095,-1162,-1218,-1256]} 1. e4 c6 {Match 120'/40 | Bediener: Rolf Bühler | Kommentator: Kurt Utzinger | 24. Partie: Schwarz (Scorpio) gewinnt | Zwischenstand: 12-12 (50%) Ausgleich | Stand hypothetisch: 12,5-11,5 (50%) für Scorpio | Eröffnung: Caro Kann Verteidigung, Gurgenidze Angriff 3.Sc3 b5 | Buchzüge: 3 von Scorpio, 3 von Mach III | Partieverlauf: Der Mach III nutzt seinen aus der Eröffnung heraus erzielten Vorteil mehrmals nicht. Und als die Stellung von der Komplexität her den Höhepunkt erreicht, strauchelt das Fideltiy Programm bei verschiedenen Zügen. Und erneut zeigt der Scorpio 68000 sel. 4, dass er vom Königsangriff mehr versteht als sein Gegner, der mit wehenden Fahnen untergeht.} 2. d4 d5 3. Nc3 {***ENDE BUCH***} b5 {***ENDE BUCH*** Stockfish 17.1 Bewertung: +/- 1.01(77%)41 Urheber dieser eigenartigen Variante ist Grossmeister B. Gurdenidze, der sie in einigen Partien der 36. Meisterschaft der UdSSR 1968/1969 anwandte. Taktisch wird der Zug 3...b5 durch die mögliche Variante 4.exd5 b4 5.Sce2 cxd5 6.a3 bxa3 7.Txa3 mit scharfem Spiel begründet (Konstantinopolski/Weiz: Caro Kann Verteidigung). Statistisch hat diese rare Fortsetzung gemäss ChessBase Online Datenbank bei 756 Partien eine gute Bilanz mit nur 47.7% für Weiss. Allerdings wohl deswegen, weil nur wenige Partien mit der besten Fortsetzung 4.e5! gespielt wurden.} 4. exd5 {Das bringt wenig ein.} (4. e5 $1 {Das ist der von den Engines präferierte Zug, der in der erwähnten DB bei 86 Partien ein Gewinnquote von 61,6% aufweist.} b4 5. Na4 $1 e6 {noch am besten, kann doch 5...Lf5 mit 6.g4 beantwortet werden. Und auf 5...Sd7 wäre 6.e6!? unangenehm.} 6. Nf3 Nd7 7. Bd2 Rb8 8. Bd3 h6 9. O-O c5 10. dxc5 Nxc5 11. Nxc5 Bxc5 12. c3 Ne7 13. cxb4 Bxb4 14. Be3 Qd7 15. Rc1 O-O 16. Qe2 Ng6 17. Rfd1 Ba5 18. g3 Bb6 19. Bd4 Qb7 20. Rd2 a5 21. Bb5 Bd7 22. Bd3 Ne7 23. Rdc2 Rfc8 24. Rxc8+ Rxc8 25. Rxc8+ Bxc8 26. Qe3 Bxd4 27. Qxd4 Bd7 28. Qc5 Nc6 29. b3 Qb4 30. Qxb4 axb4 31. Kf1 Kf8 32. Ke2 Ke7 33. h4 Kd8 34. Ke3 f6 35. exf6 gxf6 36. Bb5 e5 37. Bxc6 Bxc6 38. Ne1 d4+ 39. Kd3 Bb5+ 40. Kd2 Ke7 41. Nc2 Kd6 42. Nxb4 e4 43. a3 f5 44. Nc2 Kd5 45. a4 Bd7 46. a5 Kc5 47. a6 Bc6 48. a7 h5 49. Na3 Kb6 50. Nc2 Kc5 51. Ne1 Kb6 52. Nc2 Kc5 {½-½ (52) Werner,C (2330)-Salvermoser,B (2325) Germany 2003}) 4... b4 5. Na4 Qxd5 $6 {Eine ungewöhnliche Fortsetzung, die den Engines gar nicht gefällt. Üblich ist 5...cxd5, was dem Bauern die Kontrolle über die wichtigen Felder e4 undc4 gibt.} 6. Bf4 {Die Engines präferieren 6.a3 und 6.Sf3. Aber ein normaler Entwicklungszug kann nicht falsch sein.} e6 7. Nf3 Qa5 8. c4 {Die stärkste, mit einem Bauernopfer verbundene, Fortsetzung 8.Sc5 darf man von unseren Oldies nicht erwarten.} ({PROMENADE-avx2:} 8. Nc5 {1.51(92%)/51} Bxc5 9. dxc5 Qxc5 10. Qd2 Nf6 11. Bd6 Qd5 12. Qxb4 a5 13. Qd4 Qxd4 14. Nxd4 Kd7 15. Be5 Bb7 16. Be2 Kc8 17. Bf3 c5 18. Nb5 Bxf3 19. gxf3 Nc6 20. Bg3 Nd4 21. Nxd4 cxd4 22. O-O-O Rd8 23. Be5 d3 24. Rhg1 Rd5 25. Bc3 dxc2 26. Rxd5 Nxd5 27. Rxg7 Nxc3 28. bxc3 Ra7 29. Rxh7 Rc7 30. Kxc2 Kd8 31. Rh4 Rc5 32. Rf4 Ke7 33. h4 Rh5 34. Kd3 Rb5 35. Ke3 Rb2 36. Ra4 Rc2 37. c4 f5 38. h5 Kf6 39. h6 Kg6 40. Kd4 Rxf2 {[%eval 151,52] [%wdl 847,153,0]}) 8... bxc3 9. bxc3 (9. Nxc3 {bietet bessere Chancen} Nf6 10. Bd3 (10. a3 Be7 11. Ne5 $14) 10... Nd5 11. Bd2 $14) 9... Nf6 10. Rb1 Nbd7 11. Ne5 Qd5 $6 {sinnlos} (11... Nxe5 12. Bxe5 Nd7 13. Bf4 e5 $11) 12. Nxd7 $11 {Und weg ist jeglicher Vorteil. Die Engine packt einmal mehr eine anti-Oldie-Variante aus mit 12.Le2 und einer Bewertung von 1.39(90%)/48 also mit deutlichem Vorteil für Weiss.} ({PROMENADE-avx2:} 12. Be2 $1 Qe4 (12... Qxg2 $2 13. Bf3 Qh3 14. Bxc6 $18) (12... Nxe5 13. Bxe5 Qxg2 $2 (13... Nd7 14. Bc7 Be7 15. O-O O-O 16. Bf3 Qxa2 17. Bxc6) (13... Be7 14. Bf3 Qc4 15. Qb3 Qa6 16. c4 $18) 14. Bf3 $18 Qg6 15. Bxf6 gxf6 16. Bxc6+ Kd8 17. Bxa8 $18) 13. Nxd7 Qxf4 14. Ne5 Nd7 15. Nxc6 Qc7 16. O-O Bd6 17. Bf3 Nb6 18. Nc5 O-O 19. h3 Nd5 20. Bxd5 exd5 21. Nb4 Be6 22. Re1 Rae8 23. Nxe6 fxe6 24. Qd2 Bh2+ 25. Kh1 Bf4 26. Qc2 a5 27. Nd3 Bd6 28. Qd2 h6 29. g3 h5 30. Re3 h4 31. g4 Bf4 32. Nxf4 Qxf4 33. Kg2 a4 34. Qe2 Rf6 35. Rb2 a3 36. Rd2 Qd6 37. Re5 Rb8 38. g5 Rf5 39. Rxf5 exf5 40. Qh5 g6 41. Qf3 Rb1 42. Qe3 Kg7 43. Re2 {[%eval 139,48] [%wdl 800,200,0]}) 12... Bxd7 13. Qc2 Be7 14. Be5 Ng4 15. Bg3 e5 {droht ...Lf5 usw.} 16. h3 Nh6 17. Bxe5 Bf5 18. Bd3 Qxg2 19. Ke2 Qg6 $11 {Ausgeglichen, aber die Stellung ist kompliziert und zu tiefe Berechnungen für unsere Oldies sind notwendig, um die Lage im Griff zu halten.} 20. Rb7 $2 {Damit gerät der Mach III ins Hintertreffen.} (20. Rbg1 Qh5+ 21. Kf1 f6 22. Bf4 Bxd3+ 23. Qxd3 $11) 20... Qh5+ {[#]} 21. f3 $2 $19 {[%mdl 32768] ***VERLUST*** -2.04(1%)/46 Verteidigungszüge wie 21.Ke1 und 21.Kd2 bieten mehr Widerstand.} Qg6 $2 $11 {Schwarz packt seine Chance nicht.} ({Rems M-091224-bmi2:} 21... O-O {-2.04(1%)/46} 22. Rg1 (22. Rxe7 $2 Qg5 $19) 22... f6 23. Bf4 Bxd3+ 24. Qxd3 Rfe8 25. Kd1 Nf7 26. Rc7 Rad8 27. Rxa7 Ra8 28. Rxa8 Rxa8 29. Qe4 Rxa4 30. Qxe7 g6 31. Qe2 Qa5 32. Bd2 Rxa2 33. Qe3 Qh5 34. Rh1 Ra1+ 35. Bc1 Kg7 36. h4 Ra2 37. Bd2 Qb5 38. Re1 c5 39. h5 g5 40. dxc5 Ra1+ 41. Bc1 Ra4 42. Qd2 Ra7 43. Re4 Qxc5 44. Qd3 Ne5 {[%eval -204,46] [%wdl 0,12,988]}) 22. Rh2 $2 {Gegen die Drohung ...Dg2+ gerichtet, bringt Weiss aber wieder in Schwierigkeiten. Der glänzende Rettungszug 22.Txe7+!! liegt natürlich weit ausserhalb der Reichweite unserer Lieblinge.} (22. Rxe7+ $3 {Eine fantastische Rettung.} Kxe7 23. Kf2 Bxd3 24. Qb2 Bb5 25. Qb4+ Kd8 (25... Ke6 $2 26. Nc5+ {und gewinnt}) 26. Re1 Qc2+ 27. Kg1 Nf5 28. Qa5+ Ke7 29. Qb4+ Kd8 30. Qa5+ Ke7 31. Qb4+ Kd8 32. Qa5+ {Remis 3x}) 22... Bxd3+ 23. Qxd3 Nf5 $17 {Schwarz steht klar besser.} {[#]} 24. Qa6 $2 {[%mdl 32768] Das ***VERLIERT*** klar, absolut notwendig war 24.Kd1.} O-O {Nun gibt es für Weiss keine Rettung mehr.} ({Stockfish 17.1 bmi2:} 24... O-O 25. Kd2 Rae8 26. Rf2 Bh4 27. Re2 Bg5+ 28. f4 Rxe5 29. fxg5 Qxg5+ 30. Kc2 Rxe2+ 31. Qxe2 Nd6 32. Rxa7 Re8 33. Qf1 Qg6+ 34. Kd2 Rb8 35. Nb6 h5 36. Ra8 Qg5+ 37. Kc2 Rxa8 38. Nxa8 Qa5 39. Kb3 Qxa8 40. a4 Qb8+ 41. Ka3 Qb6 42. Ka2 Kf8 43. Qe2 Qa5 44. Kb3 c5 45. dxc5 Qxc5 46. Qd3 Ke7 47. c4 f5 48. a5 Kd7 49. Qd5 Qxd5 50. cxd5 {[%eval -465,37] [%wdl 0,0,1000]}) 25. Rxa7 Rxa7 26. Qxa7 Qg1 27. Qa6 Bf6 {Nicht der einzige Gewinnweg, da der weisse König ohne Hemd, sprich Schutz, im Zentrum steht.} 28. Kd2 (28. Rf2 Bxe5 29. dxe5 Rd8 {Mattangriff}) 28... Bxe5 29. Re2 Bf4+ 30. Kc2 Rb8 31. Nb6 Ne3+ 32. Kb3 Rxb6+ {Der Scorpio 68000 sel. 4 in seinem Element.} 33. Qxb6 Qd1+ 34. Kb4 (34. Ka3 Bd6+ 35. Qc5 Bxc5+ 36. dxc5 Qxe2 $19) 34... Bd6+ 35. Ka5 Nc4+ 36. Ka6 Nxb6 {Die Ernte ist eingebracht.} 37. Re8+ Bf8 38. Kxb6 Qxf3 39. c4 Qf6 40. Re5 Qd6 41. Kb7 Qd7+ 42. Ka6 {***AUFGEGEBEN***} 0-1